Elektronické informačné zdroje - prostriedok elektronickej komunikácie na EU
Slovenská ekonomická knižnica EU zorganizovala 14. mája 2002 odborný seminár na tému: Elektronické informačné zdroje - prostriedok elektronickej komunikácie na EU. Komplexná informácia o seminári.
Saved in:
| Main Author: | |
|---|---|
| Format: | Book Chapter |
| Language: | Slovak |
| Subjects: | |
| Tags: |
No Tags, Be the first to tag this record!
|
MARC
| LEADER | 00000naa$a2200000$$$4500 | ||
|---|---|---|---|
| 001 | 0020590 | ||
| 005 | 20230912071938.4 | ||
| 041 | 0 | |a slo | |
| 044 | |a SK | ||
| 245 | 1 | 0 | |a Elektronické informačné zdroje - prostriedok elektronickej komunikácie na EU |c Simona Hudecová |
| 520 | |a Slovenská ekonomická knižnica EU zorganizovala 14. mája 2002 odborný seminár na tému: Elektronické informačné zdroje - prostriedok elektronickej komunikácie na EU. Komplexná informácia o seminári. | ||
| 610 | 2 | 0 | |a zdroje informačné elektronické |
| 610 | 2 | 0 | |a knihovníctvo |
| 610 | 2 | 0 | |a získavanie informácií |
| 610 | 2 | 0 | |a veda ekonomická |
| 610 | 2 | 0 | |a semináre |
| 610 | 2 | 0 | |a 2002 |
| 610 | 2 | 0 | |a Slovenská ekonomická knižnica Ekonomickej univerzity v Bratislave |
| 100 | 1 | |a Hudecová, Simona | |